000 00969nam a22002897a 4500
003 CHAP
005 20220817041814.0
008 971013s r 00010 d
010 _a25087
011 _a26059
035 _a30159
040 _cCHAP
082 _a301.35
_bI57
110 _aInstituto Interamericano de Ciencias Agrícolas de la OEA.
_959209
245 _aResoluciones del CIES sobre desarrollo rural
260 _aSan José :
_bInstituto Interamericano de Ciencias Agrícolas de la OEA,
_c(s.a.)
300 _a255 p
490 _aSerie documentos oficiales
_v; 3
590 _aBATCH-UPD
_b10
_c20130110
_lUCH01
_h1931
590 _aBATCH-UPD
_b10
_c20130410
_lUCH01
_h1256
590 _aCONVERSION
_b10
_c20130109
_lUCH01
_h1315
650 1 4 _aAmerica Latina
_xCondiciones rurales.
830 0 _aSerie documentos oficiales
_v; 3
_9104829
901 _aBK
942 _cLIBRO
949 _a301.35 I57
_bBC
_cLIBRO
_d33724000293981
_eLIBRO
_h42217
_i30159
_mD
_si
999 _c25087
_d25087